特定都区市内と所在地が異なる駅 - Statistics

General Stats
  • This quiz has been taken 232 times
  • The average score is 9 of 23
Answer Stats
区域名 所在地 % Correct
横浜市内 川崎市 川崎かわさき
87%
横浜市内 川崎市 尻手しって
71%
横浜市内 川崎市 浜川崎はまかわさき
65%
横浜市内 川崎市 八丁畷はっちょうなわて
54%
横浜市内 川崎市 小田栄おださかえ
49%
横浜市内 川崎市 扇町おうぎまち
49%
広島市内 海田町 海田市かいたいち
49%
なし 福岡市 姪浜めいのはま
47%
横浜市内 川崎市 川崎新町かわさきしんまち
46%
横浜市内 川崎市 昭和しょうわ
46%
なし 神戸市 道場どうじょう
38%
広島市内 府中町 向洋むかいなだ
37%
横浜市内 川崎市 武蔵白石むさししらいし
36%
大阪市内 吹田市 南吹田みなみすいた
34%
大阪市内 東大阪市 JR河内永和かわちえいわ
32%
大阪市内 東大阪市 JR俊徳道しゅんとくみち
32%
大阪市内 東大阪市 衣摺加美北きずりかみきた
30%
なし 福岡市 九大学研都市きゅうだいがっけんとし
29%
大阪市内 東大阪市 JR長瀬ながせ
28%
大阪市内 東大阪市 高井田中央たかいだちゅうおう
28%
なし 福岡市 周船寺すせんじ
21%
なし 福岡市 下山門しもやまと
18%
なし 福岡市 今宿いまじゅく
17%
No matching quizzes found
Score Distribution
Percent of People with Each Score
Percentile by Number Answered
Your Score History
You have not taken this quiz